书目信息 |
| 题名: |
中国共产党章程
|
|
| 作者: | ||
| 分册: | ||
| 出版信息: | 北京 人民出版社 1992.10 |
|
| 页数: | 36页 | |
| 开本: | 19cm | |
| 丛书名: | ||
| 单 册: | ||
| 中图分类: | D21 | |
| 科图分类: | 33.121 | |
| 主题词: | 党章-中国共产党 | |
| 电子资源: | ||
| ISBN: | 7-01-001337-3 | |
| 000 | 00618nam0 2200229 45 | |
| 001 | 0193007916 | |
| 005 | 20070731142855.65 | |
| 010 | @a7-01-001337-3@dCNY0.60 | |
| 100 | @a19930209d1992 em y0chiy0121 ea | |
| 101 | 0 | @achi |
| 102 | @aCN@b110000 | |
| 105 | @ay z 000yy | |
| 200 | 10 | @a中国共产党章程@AZHONG GUO GONG CHAN DANG ZHANG CHENG |
| 210 | @a北京@c人民出版社@d1992.10 | |
| 215 | @a36页@d19cm | |
| 540 | 1 | @a中共 章程@AZHONG GONG ZHANG CHENG |
| 601 | 02 | @a中国共产党-党章 |
| 606 | @a党章-中国共产党 | |
| 690 | @aD21@v三版 | |
| 692 | @a33.121 | |
| 801 | 0 | @aCN@bTSSF@c20070731 |
| 905 | @a10447@dD21@e118 | |
| 中国共产党章程.-北京:人民出版社,1992.10 |
| 36页;19cm |
| ISBN 7-01-001337-3:CNY0.60 |
| ● |
| 相关链接 |
|
|
|
|
正题名:中国共产党章程
索取号:D21/118
 
预约/预借
| 序号 | 登录号 | 条形码 | 馆藏地/架位号 | 状态 | 备注 |
| 1 | 0765852 | 207658523 | 第一样本阅览室/ [索取号:D21/118] | 在馆 | |
| 2 | 0765874 | 207658747 | 密集书库/ [索取号:D21/118] | 在馆 | |
| 3 | 0790307 | 207903072 | 密集书库/ [索取号:D21/118] | 在馆 |